Vybrané otázky približovania menej vyspelých krajín k hospodársky vyspelým krajinám sveta
Praktické skúsenosti vybraných menej vyspelých krajín (Španielsko, Portugalsko, Grécko) pri transformácii ekonomiky. Vznik rôznych inštitúcií napomáhajúcich najdôležitejšie štruktúrne zmeny. Zmeny v oblasti legislatívy. Reštrukturalizačné opatrenia v oblasti priemyslu a infraštruktúry. Podpora zahra...
Guardado en:
| Autor principal: | |
|---|---|
| Formato: | Capítulo de libro |
| Lenguaje: | eslovaco |
| Materias: | |
| Etiquetas: |
Sin Etiquetas, Sea el primero en etiquetar este registro!
|
MARC
| LEADER | 00000naa a2200000 4500 | ||
|---|---|---|---|
| 001 | r020121 | ||
| 005 | 20221205090216.3 | ||
| 041 | 0 | |a slo | |
| 044 | |a SK | ||
| 245 | 1 | 0 | |a Vybrané otázky približovania menej vyspelých krajín k hospodársky vyspelým krajinám sveta |c S. Valent |
| 520 | |a Praktické skúsenosti vybraných menej vyspelých krajín (Španielsko, Portugalsko, Grécko) pri transformácii ekonomiky. Vznik rôznych inštitúcií napomáhajúcich najdôležitejšie štruktúrne zmeny. Zmeny v oblasti legislatívy. Reštrukturalizačné opatrenia v oblasti priemyslu a infraštruktúry. Podpora zahraničných investorov. Zamestnanosť a sociálne istoty. Liberalizácia zahranično-ekonomických vzťahov. Teoretické zovšeobecnenia a závery s dôrazom na aplikovateľnosť v slovenskej ekonomike. | ||
| 610 | 2 | 0 | |a integrácia ekonomická medzinárodná |
| 610 | 2 | 0 | |a Španielsko |
| 610 | 2 | 0 | |a Portugalsko |
| 610 | 2 | 0 | |a Grécko |
| 610 | 2 | 0 | |a krajiny vyspelé |
| 610 | 2 | 0 | |a reštrukturalizácia |
| 610 | 2 | 0 | |a politika hospodárska |
| 100 | 1 | |a Valent, S. | |